000 00372nam a2200157Ia 4500
008 230917s9999||||xx |||||||||||||| ||und||
020 _cRS20
040 _e142868
_aMAIN
041 _aEnglish
082 _a780.5 S58S
100 _aGarg, Prabhu Lal
245 0 _aSangeet kalayan ank.
260 _aHathrash
_bSangeet karyalaya
_c1954
300 _a186p p.
942 _cBK
999 _c38505
_d38505